| 000 | 01139nam a22002177a 4500 | ||
|---|---|---|---|
| 999 |
_c60220 _d60220 |
||
| 003 | Ge_BSU | ||
| 005 | 20230620123523.0 | ||
| 008 | 230620s2002 ge ||||| |||| 00| 0 geo d | ||
| 020 | _a9992895632 | ||
| 041 | _ageo | ||
| 080 | _a821.14'01.09-394 ე-82 | ||
| 100 |
_aერქომაიშვილი, მარიკა _916937 |
||
| 245 |
_aკირკეს მითი და მისი ინტერპრეტაცია ანტიკურ ლიტერატურაში = Circe - mith and its interpratation in ancient literature / _cმარიკა ერქომაიშვილი; [რედ.: რ. გორდეზიანი]. |
||
| 264 |
_aთბილისი : _bთბილ. უნ-ტის გამ-ბა, _c 2002. |
||
| 300 |
_a204 გვ. ; _b20 სმ. |
||
| 500 | _aპარალ. თავფ. და რეზ. რუს. ენ. | ||
| 504 | _aბიბლიოგრ.: გვ. 174. | ||
| 653 | _aბერძნული მითოლოგია | ||
| 700 |
_aგორდეზიანი, რისმაგ _eრედაქტორი _918822 |
||
| 942 |
_2udc _cBK |
||